Jean Ferrat - Potemkine - Statistiques

Statistiques générales
  • Ce quiz a été pris 81 fois
  • Le résultat moyen est 162 sur 205
Statistiques - réponses
Réponse % Correct
Ma
100%
Potemkine
98%
à
95%
a
95%
de
95%
je
95%
le
95%
Le
95%
marin
95%
Marin
95%
Et
93%
et
93%
la
93%
un
93%
au
90%
ce
90%
Ce
90%
des
90%
Ils
90%
ils
90%
mon
90%
Mon
90%
ne
90%
Tu
90%
du
88%
pas
88%
Qui
88%
qui
88%
sur
88%
Sur
88%
dis
86%
se
86%
tire
86%
vous
86%
autre
83%
est
83%
étaient
83%
frère
83%
marins
83%
ami
81%
camarade
81%
grand
81%
les
81%
81%
te
81%
cuirassé
79%
discipline
79%
monde
79%
si
79%
tireras
79%
carabines
76%
durs
76%
fils
76%
leurs
76%
marine
76%
M'en
76%
que
76%
Que
76%
vent
76%
beaucoup
74%
fort
74%
j'aime
74%
mer
74%
plus
74%
révolte
74%
va
74%
chante
71%
côté
71%
fusillé
71%
gronde
71%
quatre
71%
soir
71%
tournèrent
71%
vents
71%
celui
69%
faim
69%
guerriers
69%
point
69%
profonde
69%
qu'on
69%
voudrez-vous
69%
assassine
67%
C'est
67%
être
67%
fais
67%
flots
67%
l'on
67%
n'est
67%
t'imagine
67%
toujours
67%
d'un
64%
en
64%
plaint
64%
aux
62%
coeur
62%
notre
62%
sourdine
62%
alcade
60%
Dans
60%
souffre
60%
fond
57%
mémoire
57%
face
55%
fusiliers
55%
moi
55%
montent
55%
mort
55%
révoltés
55%
burine
52%
l'océan
52%
veut
52%
donner
50%
punit
45%
ainsi
43%
crime
43%
prépare
43%
bruit
40%
nom
40%
Aucun quiz correspondant
Distribution des résultats
% des personnes avec chaque résultat
Percentile par nombre de réponses
Votre historique - résultats
Vous n’avez pas pris ce quiz